El Proyecto de unificación de Seguros sociales. (Record no. 124980)
[ view plain ]
| 000 -LEADER | |
|---|---|
| campo de control de longitud fija | 00645nam a2200193 i 4500 |
| 001 - NÚMERO DE CONTROL | |
| campo de control | 124980 |
| 003 - IDENTIFICADOR DE NÚMERO DE CONTROL | |
| campo de control | ES-MaACL |
| 005 - FECHA Y HORA DE LA ÚLTIMA TRANSACCIÓN | |
| campo de control | 20230906192530.0 |
| 007 - CAMPO FIJO DE DESCRIPCIÓN FÍSICA--INFORMACIÓN GENERAL | |
| campo de control de longitud fija | t| |
| 008 - DATOS DE LONGITUD FIJA--INFORMACIÓN GENERAL | |
| campo de control de longitud fija | 070425s1935 sp ||||1| spa d |
| 245 03 - MENCIÓN DEL TÍTULO | |
| Título | El Proyecto de unificación de Seguros sociales. |
| 260 ## - PUBLICACIÓN, DISTRIBUCIÓN, ETC. | |
| Lugar de publicación, distribución, etc. | Madrid : |
| Nombre del editor, distribuidor, etc. | [s.n.], |
| Fecha de publicación, distribución, etc. | 1935 ( |
| Fabricante | Oficina Tipográfica del Instituto Nacional de Previsión) |
| 300 ## - DESCRIPCIÓN FÍSICA | |
| Extensión | 2 h. ; |
| Dimensiones | 20 cm. |
| 490 1# - MENCIÓN DE SERIE | |
| Mención de serie | Publicaciones del Instituto Nacional de Previsión ; |
| Designación de volumen o secuencia | 479 |
| 500 ## - NOTA GENERAL | |
| Nota general | Sin portada. |
| 830 0# - PUNTO DE ACCESO ADICIONAL DE SERIE-TÍTULO UNIFORME | |
| Título uniforme | Publicaciones del Instituto Nacional de Previsión ; |
| Designación de volumen o secuencia | 479 |
| 9 (RLIN) | 181151 |
| 852 ## - LOCALIZACIÓN | |
| Ubicación | ES-MaACL |
| Número de control de estantería | C-12659(4) |
| Estatus retirado | Estado de pérdida | Estado de daño | No para préstamo | Biblioteca de origen | Biblioteca actual | Ubicación en estantería | Fecha de adquisición | Fuente de adquisición | Total de préstamos | Signatura topográfica completa | Código de barras | Visto por última vez | Precio de reemplazo | Tipo de ítem Koha |
|---|---|---|---|---|---|---|---|---|---|---|---|---|---|---|
| Biblioteca del Ateneo de Madrid | Biblioteca del Ateneo de Madrid | Sala Palomar | 17/01/2008 | C-12659(4) | 1130212 | 23/02/2023 | 23/02/2023 | Libro impreso |
